000 00631nam a2200193 a 4500
001 000048906
005 20201002061512.0
008 190314s2016 dr 000 0 spa d
020 _a9789945086386
040 _aDO-SdBNP
_bspa
_cBNPHU
082 _axxx
_bA116
100 1 _aAbad, Juan
_976344
245 1 3 _aEl silencio de Dios no es ausencia /
_cJuan Abad ; prólogo Lenny Salcedo.
260 _aSanto Domingo, :
_bDiez veces más group,
_c2016.
300 _a149 p. ;
_c21 cm.
500 _aIncluye datos biografícos del autor en la contraportada.
590 _aInventariado, 2019/ YL
700 1 2 _aSalcedo, Lenny
_eprol.
_976345
999 _c48394
_d48394